[Membership and subscription lists] (Record no. 116735)

MARC details
000 -LEADER
fixed length control field 00649ctc a22002055a 4500
001 - CONTROL NUMBER
control field L141551
008 - FIXED-LENGTH DATA ELEMENTS--GENERAL INFORMATION
fixed length control field 071130i19321942xxk eng u
035 ## - SYSTEM CONTROL NUMBER
System control number (Sirsi) u141551
041 0# - LANGUAGE CODE
Language code of text/sound track or separate title eng
110 2# - MAIN ENTRY--CORPORATE NAME
Corporate name or jurisdiction name as entry element National Association of Auctioneers
9 (RLIN) 5474
245 01 - TITLE STATEMENT
Title [Membership and subscription lists]
Medium [manuscript]
260 ## - PUBLICATION, DISTRIBUTION, ETC.
Date of publication, distribution, etc. 1932-1942
300 ## - PHYSICAL DESCRIPTION
Extent 2 v.
Dimensions 44 x 50 cm. and 43 x 49 cm.
340 ## - PHYSICAL MEDIUM
Material base and configuration Manuscript
351 ## - ORGANIZATION AND ARRANGEMENT OF MATERIALS
Hierarchical level Fonds
500 ## - GENERAL NOTE
General note The National Association of Auctioneers later became part of the Incorporated Society of Auctioneers.
651 4# - SUBJECT ADDED ENTRY--GEOGRAPHIC NAME
Geographic name United Kingdom
Chronological subdivision
690 ## - LOCAL SUBJECT ADDED ENTRY--TOPICAL TERM (OCLC, RLIN)
Topical term or geographic name as entry element ABOUT RICS-RELATED ORGANISATIONS
942 ## - ADDED ENTRY ELEMENTS (KOHA)
Suppress in OPAC 0
Holdings
Withdrawn status Lost status Source of classification or shelving scheme Damaged status Not for loan Home library Current library Shelving location Date acquired Total Checkouts Full call number Barcode Date last seen Copy number Price effective from Koha item type
    Dewey Decimal Classification     London London Basement 30/11/2007   ISVA 141551-1001 06/08/2019 1 06/08/2019 Archive